Responses for Show #8493 - Wednesday, October 20, 2021

Jonathan Fisher game 8.

Contestants

[<< previous game]

Anjolie Chidambaram, a financial writer from San Francisco, California

Jack Hodges, a hotel loyalty analyst from Bethesda, Maryland

Jonathan Fisher, an actor originally from Coral Gables, Florida (whose 7-day cash winnings total $156,100)

[next game >>]

Jeopardy! Round responses

BOATS & SHIPS
THE STATE OF THE TV SHOW
(Mayim: Name the state where the show is mainly set.)
TERMS OF LOVE & ENDEARMENT
"E"-MALE
IN BOX
DRAFTS
    $200 26
knots

Jonathan
    $200 1
Hawaii

Anjolie
    $200 16
puppy love

Jonathan
    $200 17
(Mayim: Yes, he built bridges as well as his very famous tower.)

Eiffel

Jonathan
    $200 2
the Ark of the Covenant

Jonathan
    $200 7
Bilbo Baggins

Jonathan
    $400 25
the Jolly Roger

Jonathan
    $400 3
New Mexico

Jonathan
    $400 27
your soulmate

Jack
    $400 18
(Wyatt) Earp

Jack
    $400 12
IKEA

Anjolie
    $400 8
Proust

Jonathan
    $1,600 22
(Jonathan: Uh, what is a rum runner?)

a clipper

Jonathan
    $600 4
Texas

Jonathan
    $600 28
swoon

Jack
    $600 19
Erikson

Jonathan
    $600 13
snuff boxes

Jonathan
    $600 9
mustard gas

Jonathan
    $800 23
(Jack: What is the Bounty?)

the Caine

Jack
Triple Stumper
    $800 5
Florida

Jonathan
    $800 29
unrequited

Jonathan
    $800 20
Medgar Evers

Jonathan
    $800 14
Omaha Steaks

Anjolie
    $800 10
(Roald) Dahl

Anjolie
    $1000 24
the Ohio

Triple Stumper
    $1000 6
California

Jonathan
    $1000 30
a match made in heaven

Triple Stumper
    $1000 21
(Mayim: [*] of [*] Kodak.)

George Eastman

Triple Stumper
    $1000 15
Social Security

Anjolie
    $1000 11
Lord of the Flies

Triple Stumper

Scores at the first commercial break (after clue 15):

Jonathan Jack Anjolie
$4,800 $0 $3,200

Scores at the end of the Jeopardy! Round:

Jonathan Jack Anjolie
$6,400 $600 $3,200

Double Jeopardy! Round responses

BRIDAL WAVES
THE WESTERN HEMISPHERE
I WANT TO SUCK YOUR BLOOD!
MYTHOLOGY
STAIRING AT MOVIES
2 CONSONANTS, THEN ONE VOWEL
    $400 24
Meghan Markle

Jonathan
    $400 29
Venezuela

Anjolie
    $400 11
a vampire bat

Jonathan
    $400 1
a peacock

Jonathan
    $400 6
Titanic

Jack
    $400 16
a ski

Jonathan
    $800 25
Nassau

Jack
    $800 21
Montserrat

Triple Stumper
    $800 12
leeches

Jonathan
    $800 10
Guinevere

Jonathan
    $800 5
An American in Paris

Jonathan
    $800 17
pho

Jonathan
    $1200 26
Monaco

Anjolie
    $8,000 22
the Yukon

Anjolie
    $1200 13
fleas

Anjolie
    $1200 9
Asgard

Jack
    $1200 4
(Mayim: Yes, wise choice.)

Stallone

Jack
    $1200 18
pro

Anjolie
    $1600 27
South Korea

Jonathan
    $1600 23
[NOTE: Mayim corrected Jonathan's pronunciation as he said it like Guiana.]

Guyana

Jonathan
    $1600 14
(Jack: What is malaria?)

dengue fever

Jack
Triple Stumper
    $3,200 8
Janus

Jonathan
    $1600 3
Macaulay Culkin

Jonathan
    $1600 19
fra

Anjolie
    $2000 28
Arthur Miller

Jonathan
    $2000 30
Lake Superior

Triple Stumper
    $2000 15
bedbugs

Jonathan
    $2000 7
Thoth

Jonathan
    $2000 2
The Untouchables

Jonathan
    $2000 20
cru

Anjolie

Scores at the end of the Double Jeopardy! Round:

Jonathan Jack Anjolie
$27,200 $2,600 $18,800

[wagering suggestions for these scores]

Final Jeopardy! Round responses

19th CENTURY SUPREME COURT DECISIONS
(Mayim: [To Jack] [*], the decision considered the worst in the history of the United States Supreme Court said that, whether free or enslaved, Black people were not and could never be U.S. citizens.)
JackWho is Scott?
$2,600
AnjolieWho is Madison?
$18,000
JonathanWho is Dred Scott?
$10,500
(Dred) Scott

Final scores:

Jonathan Jack Anjolie
$37,700 $5,200 $800
8-day champion: $193,800 2nd place: $2,000 3rd place: $1,000

Game dynamics:

Coryat scores:

Jonathan Jack Anjolie
$27,200 $2,600 $12,000
32 R
(including 1 DD),
1 W
(including 1 DD)
7 R,
2 W
12 R
(including 1 DD),
0 W

Combined Coryat: $41,800

[game clues] [game scores] [suggest correction]

Game tape date: 2021-09-10
The J! Archive is created by fans, for fans. Scraping, republication, monetization, and malicious use prohibited; this site may use cookies and collect identifying information. See terms. The Jeopardy! game show and all elements thereof, including but not limited to copyright and trademark thereto, are the property of Jeopardy Productions, Inc. and are protected under law. This website is not affiliated with, sponsored by, or operated by Jeopardy Productions, Inc. Join the discussion at JBoard.tv.